Statistical Mechanics /

Guardado en:
Bibliografiske detaljer
Hovedforfatter: McQuarrie, Donald A. (autor)
Format: Bog
Sprog:engelsk
Udgivet: Sausalito, EUA : University Science Books, 2000, c2000
Fag:
Tags: Tilføj Tag
Ingen Tags, Vær først til at tagge denne postø!

MARC

LEADER 00000nam^a2200000^a^4500
001 000136485
005 20250521000000.0
009 20260310095319.331
020 |a 1-891389-15-7 
037 |a Acervo ITESO - Biblioteca 
041 |a ING 
082 |a 530. 13  |b MCQ 
100 |a McQuarrie, Donald A.  |e (autor) 
245 1 0 |a Statistical Mechanics /  |c D.A. McQuarrie. 
264 4 |a Sausalito, EUA :  |b University Science Books,  |c 2000, c2000 
300 |a XII, 641 p. 
336 |a texto  |b txt  |2 rdacontenido 
337 |a sin mediación  |b n  |2 rdamedio 
338 |a volumen  |b nc  |2 rdasoporte 
649 |a XX 
650 |a Mecánica Estadística 
650 |a Equilibrio Químico 
650 |a Termodinámica 
650 |a Estadística 
650 |a Matemáticas 
650 |a Fisicoquímica 
650 |a Física 
600 |a Mecánica Cuántica 
910 |a Fondo General 
920 |a Impresos - Libros 
930 |a Colección General 
905 |a 101 
901 |a 0500065383  |b IT1  |c ACC  |u 20250521 
902 |a https://opac.biblio.iteso.mx/vufind/Record/000136485